| 000 | 00871 a2200229 4500 | ||
|---|---|---|---|
| 003 | Nust | ||
| 005 | 20221128131537.0 | ||
| 010 | _a 93006374 | ||
| 020 | _a0471575232 | ||
| 040 | _cNust | ||
| 082 | 0 | 0 | _a519.4, AKA |
| 100 | 1 |
_aAkai, Terrence J., _940473 |
|
| 245 | 1 | 0 |
_aApplied numerical methods for engineers / _cTerrence J. Akai. |
| 260 |
_aNew York : _bJ. Wiley, _cc1994. |
||
| 300 |
_axix, 410 p. : _bill. ; _c25 cm. |
||
| 505 | _aPart-1: Foundation (Page-1), Part- 2: Data Analysis (Page -149), Part -3: Numerical Calculus (Page- 197), Part- 4: Advanced Topics (Page- 269). | ||
| 650 | 0 | _aEngineering mathematics. | |
| 650 | 0 |
_aNumerical analysis. _9103 |
|
| 856 | 4 | 2 |
_3Publisher description _uhttp://www.loc.gov/catdir/description/wiley031/93006374.html |
| 856 | 4 | 2 |
_3Table of Contents _uhttp://www.loc.gov/catdir/toc/onix02/93006374.html |
| 942 |
_cREF _2ddc |
||
| 999 |
_c217070 _d217070 |
||